000 00298nam a22001217a 4500
008 230620b xxu||||| |||| 00| 0 eng d
082 _a320.4
_bLIV
110 _bThe British Council
245 _aDemocracy in Britain
260 _aUK
_bBlackwell Publishers
_c1994
300 _a344p
942 _2ddc
_cBK
999 _c1540
_d1540